000 00562nam a2200205Ia 4500
005 20250508161039.0
008 008 250505s9999 xx 000 0 eng d
020 _a0-470-99165-8
037 _aTextual
040 _aFEDL
_beng
_cFEDL
041 _aeng
_2eng
084 _a150, NEV
_qFEDL
100 _aNevill Dorothy D Ed.
_984195
245 0 _aHumanistic psychology: New frontiers
260 _aNew York, USA
_bGardner Press
_c1977
300 _avii,230p.
650 _aPsychology
942 _cTEXL
_h150, NEV
999 _c1368119
_d1368119